| 000 | 00704nam a2200205Ii 4500 | ||
|---|---|---|---|
| 003 | JO-AjNU | ||
| 008 | 230605s9999||||xx |||||||||||||| ||und|| | ||
| 040 |
_aJO-AjNU _bara _erda _cJO-AjNU |
||
| 041 | _aara | ||
| 050 | 1 | 4 | _aJC311.Z8775.1983 |
| 100 | 3 |
_aزريق ،قسطنطين, _eauthor _916558 |
|
| 245 | 0 | 0 | _aمطالب المستقبل العربي هموم وتساؤلات |
| 250 | _aط1 | ||
| 264 | 3 | 1 | _aبيروت :دار العلم للملايين،1983 |
| 300 | _a271ص | ||
| 336 |
_atext _btxt _2rdacontent |
||
| 337 |
_aunmediated _bn _2rdamedia |
||
| 338 |
_avolume _bnc _2rdacarrier |
||
| 650 | 4 |
_aوحدة عربية - مقالات - محاضرات -عالم عربي -حضارة _916559 |
|
| 999 |
_aA4936 _c8504 _d8504 |
||